Advances in mobile commerce technologies (Record no. 363466)

MARC details
000 -LEADER
fixed length control field 00650nam a2200217Ia 4500
008 - FIXED-LENGTH DATA ELEMENTS--GENERAL INFORMATION
fixed length control field 191130s2003##################000#0#eng##
020 ## - INTERNATIONAL STANDARD BOOK NUMBER
ISBN 9781591400523
082 ## - DEWEY DECIMAL CLASSIFICATION NUMBER
Classification number 621.382 LIM
100 ## - MAIN ENTRY--AUTHOR NAME
Personal name Lim, Ee-Peng
245 ## - TITLE STATEMENT
Title Advances in mobile commerce technologies
Statement of responsibility, etc Ee-Peng Lim, Keng Siau
260 ## - PUBLICATION, DISTRIBUTION, ETC. (IMPRINT)
Place of publication Hershey PA
Name of publisher Idea Group Pub
Year of publication 2003
300 ## - PHYSICAL DESCRIPTION
Number of Pages ix, 324 p. : ill. ; 27 cm
500 ## - GENERAL NOTE
General note Includes bibliographical references and index
650 ## - SUBJECT ADDED ENTRY--TOPICAL TERM
Topical Term Mobile communication systems
700 ## - ADDED ENTRY--PERSONAL NAME
Personal name Siau, Keng
991 ## -
-- 159833
Holdings
Withdrawn status Lost status Damaged status Not for loan Home library Current library Shelving location Date acquired Full call number Accession Number Price effective from Koha item type
        Anna Centenary Library Anna Centenary Library 6TH FLOOR, A WING 17.10.2020 621.382 LIM 464732 17.10.2020 English Books

Find us on the map